000 00686nam a2200217Ia 4500
001 17884
003 GE_BSU
008 181216s||||||||xx |||||||||||||| ||und||
040 _cGE_BSU
080 _a542(035.5)
245 _aХимические реактивы и препараты.
245 _bСправочник.
245 _cСостав. В.И.Кузнецов, Р.Л.глобус, Т.Н.Карская и др. Ред. А.И.Зицер.
260 _aМ.-Л.
260 _bГосхимиздат.
260 _c1953.
300 _a668 стр. 22 см.
300 _eТабл.
653 _aХимические реактивы и препараты.
942 _cBK
999 _c50929
_d50929